| 000 | 01043cad a22002535a 4500 | ||
|---|---|---|---|
| 001 | L160089 | ||
| 008 | 120529s2010 xxk g 000 0 eng d | ||
| 035 | _a(Sirsi) u160089 | ||
| 041 | 0 | _aeng | |
| 110 | _aFederation International Des Geometres | ||
| 111 | 2 |
_aFIG Working Week 2010 _bSydney, Australia _c11-16 April 2010 |
|
| 245 | 0 | 0 |
_aCompetition for land _bfuel v food _h[electronic resource] |
| 260 |
_aSydney _bFIG _c2010 |
||
| 520 | _aSeeks to develop a project that will consider the implications of competition for ground between food crops and energy crops. | ||
| 650 | 2 | 4 |
_aENERGY _96237 |
| 650 | 2 | 4 | _aCROPS |
| 650 | 2 | 4 | _aFOOD |
| 651 | 4 | _aInternational | |
| 690 |
_aEnvironment _96238 |
||
| 700 | 1 | _aDoran, Michael | |
| 856 | 4 | 0 |
_uhttps://fig.net/resources/proceedings/fig_proceedings/fig2010/ppt/ts01e/ts01e_doran_ppt_4674.pdf _zView the presentation free of charge at www.fig.net |
| 856 | 4 | 0 |
_uhttps://www.rics.org/Global/Downloads/Environment_and_Energy.pdf _zView the abstract free of charge at www.rics.org |
| 942 | _n0 | ||
| 999 |
_c116206 _d116206 |
||